000 00301nam a22001217a 4500
020 _a9788183212311
082 _a631.458
_bWAN/SO
100 _aWani, Mushtaq A
245 _aSoil, plant and water analysis manual
260 _aUdaipur
_bAgrotech Publishing Academy
_c2011
300 _a344
942 _cBK
999 _c13713
_d13713